MARC details
| 000 -LEADER |
| fixed length control field |
02230nam a2200649 i 4500 |
| 001 - CONTROL NUMBER |
| control field |
991052830014005066 |
| 003 - CONTROL NUMBER IDENTIFIER |
| control field |
NyNyJPI |
| 005 - DATE AND TIME OF LATEST TRANSACTION |
| control field |
20260408161126.0 |
| 008 - FIXED-LENGTH DATA ELEMENTS--GENERAL INFORMATION |
| fixed length control field |
201215s2020 pl abho |001 0 eng c |
| 009 - PHYSICAL DESCRIPTION FIXED-FIELD FOR ARCHIVAL COLLECTION (VM) [OBSOLETE] |
| fixed length control field |
b1000000839310 |
| 015 ## - NATIONAL BIBLIOGRAPHY NUMBER |
| National bibliography number |
UWD 2020/40112 |
| 020 ## - INTERNATIONAL STANDARD BOOK NUMBER |
| International Standard Book Number |
9788376666907 |
| Qualifying information |
(oprawa twarda) |
| 035 ## - SYSTEM CONTROL NUMBER |
| System control number |
(OCoLC)1228833882 |
| 035 ## - SYSTEM CONTROL NUMBER |
| System control number |
(PL)b1000000839310 |
| 035 ## - SYSTEM CONTROL NUMBER |
| System control number |
(EXLNZ-48OMNIS_NETWORK)9911738659705606 |
| 040 ## - CATALOGING SOURCE |
| Original cataloging agency |
WA N |
| Transcribing agency |
WA N |
| Modifying agency |
WA N |
| -- |
KR U |
| -- |
WA N |
| 041 1# - LANGUAGE CODE |
| Language code of text/sound track or separate title |
eng |
| Language code of original |
pol |
| 045 2# - TIME PERIOD OF CONTENT |
| Formatted 9999 B.C. through C.E. time period |
d1932 |
| -- |
d1933 |
| 046 ## - SPECIAL CODED DATES |
| Beginning or single date created |
2019 |
| 080 ## - UNIVERSAL DECIMAL CLASSIFICATION NUMBER |
| Field link and sequence number |
1.1\x |
| Universal Decimal Classification number |
94(47+57)"19" |
| 080 ## - UNIVERSAL DECIMAL CLASSIFICATION NUMBER |
| Field link and sequence number |
1.2\x |
| Universal Decimal Classification number |
94(477)"19" |
| 080 ## - UNIVERSAL DECIMAL CLASSIFICATION NUMBER |
| Field link and sequence number |
1.3\x |
| Universal Decimal Classification number |
332.025.26(47+57) |
| 080 ## - UNIVERSAL DECIMAL CLASSIFICATION NUMBER |
| Field link and sequence number |
1.4\x |
| Universal Decimal Classification number |
323.15(=162.1) |
| 080 ## - UNIVERSAL DECIMAL CLASSIFICATION NUMBER |
| Field link and sequence number |
1.5\x |
| Universal Decimal Classification number |
341.485 |
| 084 ## - OTHER CLASSIFICATION NUMBER |
| Classification number |
01 |
| 245 04 - TITLE STATEMENT |
| Title |
The Holodomor - Poland : |
| Remainder of title |
Polish victims 1932-1933 / |
| Statement of responsibility, etc. |
editors Michał Dworczyk, Robert Kuśnierz ; [translator Jerzy Adamko]. |
| 246 30 - VARYING FORM OF TITLE |
| Title proper/short title |
Polish victims 1932-1933 |
| 246 1# - VARYING FORM OF TITLE |
| Display text |
Tytuł oryginału: |
| Title proper/short title |
Hołodomor - Polska : |
| Remainder of title |
polskie ofiary 1932-1933 |
| 250 ## - EDITION STATEMENT |
| Edition statement |
First edition. |
| 260 ## - PUBLICATION, DISTRIBUTION, ETC. |
| Place of publication, distribution, etc. |
Warszawa : |
| Name of publisher, distributor, etc. |
Wydawnictwo Sejmowe, |
| Date of publication, distribution, etc. |
2020. |
| 300 ## - PHYSICAL DESCRIPTION |
| Extent |
255 stron : |
| Other physical details |
ilustracje, faksymilia, fotografie, mapy ; |
| Dimensions |
25 cm. |
| 336 ## - CONTENT TYPE |
| Content type term |
Tekst |
| Content type code |
txt |
| Source |
rdacontent |
| 337 ## - MEDIA TYPE |
| Media type term |
Bez urządzenia pośredniczącego |
| Media type code |
n |
| Source |
rdamedia |
| 338 ## - CARRIER TYPE |
| Carrier type term |
Wolumin |
| Carrier type code |
nc |
| Source |
rdacarrier |
| 380 ## - FORM OF WORK |
| Form of work |
Książki |
| 380 ## - FORM OF WORK |
| Form of work |
Publikacje naukowe |
| 388 1# - TIME PERIOD OF CREATION |
| Time period of creation term |
2001- |
| 504 ## - BIBLIOGRAPHY, ETC. NOTE |
| Bibliography, etc. note |
Bibliografia, netografia na stronach 230-244. Indeks. |
| 650 #7 - SUBJECT ADDED ENTRY--TOPICAL TERM |
| Topical term or geographic name entry element |
Mniejszości narodowe |
| Source of heading or term |
DBN |
| 650 #7 - SUBJECT ADDED ENTRY--TOPICAL TERM |
| Topical term or geographic name entry element |
Polacy za granicą |
| Source of heading or term |
DBN |
| 650 #7 - SUBJECT ADDED ENTRY--TOPICAL TERM |
| Topical term or geographic name entry element |
Polityka zagraniczna |
| Source of heading or term |
DBN |
| 650 #7 - SUBJECT ADDED ENTRY--TOPICAL TERM |
| Topical term or geographic name entry element |
Wielki głód na Ukrainie (1932-1933) |
| Source of heading or term |
DBN |
| 650 #7 - SUBJECT ADDED ENTRY--TOPICAL TERM |
| Topical term or geographic name entry element |
Wywiad polski |
| Source of heading or term |
DBN |
| 650 #0 - SUBJECT ADDED ENTRY--TOPICAL TERM |
| Topical term or geographic name entry element |
Polish people |
| Geographic subdivision |
Ukraine |
| General subdivision |
History |
| Chronological subdivision |
20th century. |
| 650 #0 - SUBJECT ADDED ENTRY--TOPICAL TERM |
| Topical term or geographic name entry element |
Famines |
| Geographic subdivision |
Ukraine |
| General subdivision |
History |
| Chronological subdivision |
20th century. |
| 651 #7 - SUBJECT ADDED ENTRY--GEOGRAPHIC NAME |
| Geographic name |
Polska |
| Source of heading or term |
DBN |
| 651 #7 - SUBJECT ADDED ENTRY--GEOGRAPHIC NAME |
| Geographic name |
Ukraina |
| Source of heading or term |
DBN |
| 651 #7 - SUBJECT ADDED ENTRY--GEOGRAPHIC NAME |
| Geographic name |
ZSRR |
| Source of heading or term |
DBN |
| 651 #0 - SUBJECT ADDED ENTRY--GEOGRAPHIC NAME |
| Geographic name |
Ukraine |
| General subdivision |
History |
| Chronological subdivision |
Famine, 1932-1933 |
| 655 #7 - INDEX TERM--GENRE/FORM |
| Genre/form data or focus term |
Praca zbiorowa |
| Source of term |
DBN |
| 658 ## - INDEX TERM--CURRICULUM OBJECTIVE |
| Main curriculum objective |
Historia |
| 700 1# - ADDED ENTRY--PERSONAL NAME |
| Personal name |
Dworczyk, Michał |
| Dates associated with a name |
(1975- ) |
| Relator term |
Redakcja |
| 700 1# - ADDED ENTRY--PERSONAL NAME |
| Personal name |
Kuśnierz, Robert |
| Dates associated with a name |
(1977- ) |
| Relator term |
Redakcja |
| 700 1# - ADDED ENTRY--PERSONAL NAME |
| Personal name |
Adamko, Jerzy |
| Relator term |
Tłumaczenie |
| 710 2# - ADDED ENTRY--CORPORATE NAME |
| Corporate name or jurisdiction name as entry element |
Wydawnictwo Sejmowe |
| Relator term |
Wydawca |
| Relationship |
pbl |
| 942 ## - ADDED ENTRY ELEMENTS (KOHA) |
| Source of classification or shelving scheme |
Other/Generic Classification Scheme |
| Koha item type |
Books |
| Suppress in OPAC |
No |